000 00821nas a2200289 4500
001 BR7900846
003 BR-BrBNA
005 20231205083629.0
007 ta
008 230509b bl.|||p| |||| 00| 00por d
040 _aBR-BrBNA
_bpor
_cBiblioteca Nacional de Agricultura
041 _a(Pt)
072 _aE70
100 1 _aCarvalho, M.R. de
100 1 _aBrandt, S.A.
100 1 _aTaylor, R.W.
100 1 _aOliveira, M.B.M.
100 1 _aRaggi, E. da C.
245 1 _aAnalise econometrica da demanda interna de cafe [Coffea arabica]
650 _aCOMERCIALIZACAO
650 _aCAFE
650 _aDEMANDA
650 _aECONOMETRIA
773 0 _tRevista Ceres (Brazil)
_xISSN 0034-737X
_g(Sep 1978), v. 25(141) p. 405-415
_wBR7900846
909 _a202311
_bLúcia
_c55
_dLúcia Elande
942 _2AGRIS
_n0
_cANA
999 _c100176
_d100176